Quiz Mangemort Squad (667) - Statistiques

Statistiques générales
  • Ce quiz a été pris 322 fois
    315 depuis la dernière actualisation
  • Le résultat moyen est 7 sur 15
Statistiques - réponses
667 Rappeur % Correct
1 Freeze Corleone
100%
2 Osirus Jack
92%
5 Zuukou Mayzie
77%
3 Norsacce Berlusconi
76%
4 Black Jack
68%
6 DOC OVG
63%
7 Slim C
56%
9 Afro S
55%
10 Congo Bill
22%
12 Dubble G
21%
14 Rifa Samb
19%
13 Savage Martin
18%
11 Odeuxzero
13%
8 Kix Kaki
9%
15 Sogui
7%
Aucun quiz correspondant
Distribution des résultats
% des personnes avec chaque résultat
Percentile par nombre de réponses
Votre historique - résultats
Vous n’avez pas pris ce quiz depuis la dernière actualisation